<?xml version="1.0" encoding="UTF-8"?><?xml-stylesheet type="text/xsl" href="static/style.xsl"?><OAI-PMH xmlns="http://www.openarchives.org/OAI/2.0/" xmlns:xsi="http://www.w3.org/2001/XMLSchema-instance" xsi:schemaLocation="http://www.openarchives.org/OAI/2.0/ http://www.openarchives.org/OAI/2.0/OAI-PMH.xsd"><responseDate>2026-04-13T01:01:56Z</responseDate><request verb="GetRecord" identifier="oai:www.recercat.cat:2072/399735" metadataPrefix="marc">https://recercat.cat/oai/request</request><GetRecord><record><header><identifier>oai:recercat.cat:2072/399735</identifier><datestamp>2024-10-29T20:01:28Z</datestamp><setSpec>com_2072_98</setSpec><setSpec>col_2072_378192</setSpec></header><metadata><record xmlns="http://www.loc.gov/MARC21/slim" xmlns:dcterms="http://purl.org/dc/terms/" xmlns:xsi="http://www.w3.org/2001/XMLSchema-instance" xmlns:doc="http://www.lyncode.com/xoai" xsi:schemaLocation="http://www.loc.gov/MARC21/slim http://www.loc.gov/standards/marcxml/schema/MARC21slim.xsd">
   <leader>00925njm 22002777a 4500</leader>
   <datafield ind2=" " ind1=" " tag="042">
      <subfield code="a">dc</subfield>
   </datafield>
   <datafield ind2=" " ind1=" " tag="720">
      <subfield code="a">López-Mesas, Montserrat</subfield>
      <subfield code="e">author</subfield>
   </datafield>
   <datafield ind2=" " ind1=" " tag="720">
      <subfield code="a">Carrillo, Fernando</subfield>
      <subfield code="e">author</subfield>
   </datafield>
   <datafield ind2=" " ind1=" " tag="720">
      <subfield code="a">Gutiérrez-Bouzán, Carmen</subfield>
      <subfield code="e">author</subfield>
   </datafield>
   <datafield ind2=" " ind1=" " tag="720">
      <subfield code="a">Crespi, Martí</subfield>
      <subfield code="e">author</subfield>
   </datafield>
   <datafield ind2=" " ind1=" " tag="260">
      <subfield code="c">2007</subfield>
   </datafield>
   <datafield ind2=" " ind1=" " tag="520">
      <subfield code="a">Las fibras de lana, tras obtenerlas de las ovejas y antes de ser procesadas industrialmente, han de ser lavadas. Este proceso genera residuos altamente contaminantes que pueden obtenerse en dos formas diferentes, una fase líquida y una fase sólida. Ambas fases contienen, entre otros, una gran cantidad de la grasa generada por las ovejas y que se puede recuperar y purificar para obtener lanolina, un producto de alto valor industrial. Para evaluar la cantidad de grasa contenida en dichos efluentes, la técnica más extendida en los laboratorios es la extracción por Soxhlet, la cual consume tiempo y disolventes orgánicos pero obteniendo altos porcentajes de recuperación. En el presente trabajo se compara el porcentaje de recuperación de la cera de lana de efluentes industriales mediante técnicas alternativas a la tradicional (Microondas, Soxhlet automatizado y Fluidos Supercríticos) obteniendo recuperaciones del 100%, reduciendo el tiempo de análisis, el consumo de disolvente y la generación de residuos.</subfield>
   </datafield>
   <datafield ind2=" " ind1=" " tag="520">
      <subfield code="a">Wool fibers have to be properly washed out before being processed into fabrics. This scouring process generates high pollutant wastes in two forms, a liquid phase and a solid phase. Both phases contain a large amount of the grease (wool wax) generated by the animal which may be recovered and purified to obtain lanolin, a highly valued product. To evaluate the amount of grease in such wastes, Soxhlet extraction with organic solvent is the technique more widely used in laboratories worldwide as it provides a high grease recovery although it is a time and solvent consuming technique. The present work compares alternative extraction techniques to the Soxhlet extraction (Microwave, automated Soxhlet and Supercritical Fluids) recovering 100% of the grease, reducing the time of analysis, the solvent consumption and the waste generation.</subfield>
   </datafield>
   <datafield tag="653" ind2=" " ind1=" ">
      <subfield code="a">Cera de lana</subfield>
   </datafield>
   <datafield tag="653" ind2=" " ind1=" ">
      <subfield code="a">Extracción por fluidos supercriticos</subfield>
   </datafield>
   <datafield tag="653" ind2=" " ind1=" ">
      <subfield code="a">Microondas</subfield>
   </datafield>
   <datafield tag="653" ind2=" " ind1=" ">
      <subfield code="a">Soxhlet automatizado</subfield>
   </datafield>
   <datafield tag="653" ind2=" " ind1=" ">
      <subfield code="a">Wool wax</subfield>
   </datafield>
   <datafield tag="653" ind2=" " ind1=" ">
      <subfield code="a">Supercritical fluid extraction</subfield>
   </datafield>
   <datafield tag="653" ind2=" " ind1=" ">
      <subfield code="a">Microwave</subfield>
   </datafield>
   <datafield tag="653" ind2=" " ind1=" ">
      <subfield code="a">Automated Soxhlet</subfield>
   </datafield>
   <datafield ind2="0" ind1="0" tag="245">
      <subfield code="a">Alternative methods for the wool wax extraction from wool scouring wastes</subfield>
   </datafield>
</record></metadata></record></GetRecord></OAI-PMH>